1749 1723 1290 1716 1511 1114 1907 1266 1462 1667 1957 1830 1017 1785 1252 1263 1024 1660 1945 1320 1173 1513 1155 1068 1125 1163 1940 1606 1385 1387 1876 1638 1636 1215 1674 1035 1970 1927 1326 1743 1731 1533 1901 1628 1530 1923 1666 1305 1858 1882 1056 1378 1465 1152 1300 1243 1802 1702 1915 1988 1345 1851 1470 1312 1677 1860 1110 1761 1543 1366 1808 1875 1385 1312 1907 1745 1209 1262 1751 1007 1768 1161 1104 1452 1836 1491 1427 1254 1943 1111 1866 1101 1451 1755 1938 1630 1629 1583 1715 BCNSPRNW ULIB Ver.6.0+V

เปลี่ยนเป็นภาษาไทย

Change to English
 แสดงรายละเอียดบรรณานุกรม
  กลับหน้าหลัก

Brief Record : Get Marc (ISO 2709) : E-mail record : QR code < ปิดหน้าต่าง
LEADER : 00000nam 2200000uu 4500
001    13399111835
003     ULIB
008    110627s2551||||th 000 0 tha d
020    9789742361464
090    นว.^bอ523ล 2551
100 0  อัญชรีย์
245 00 เล่ห์ปรายรัก/^cอัญชรีย์
250    พิมพ์ครั้งที่ 2
260    กรุงเทพฯ :^bแจ่มใส,^c2551
300    395 หน้า
945    ^p239^l0^i024480
995    ทศพร
999 ^a ใช้งานได้ทุกระบบ
รายการนี้ยังไม่มีแท็ก
คุณยังไม่ได้ล็อกอิน คุณสามารถมีกิจกรรมร่วมกับเว็บไซต์ได้ แต่ต้องล็อกอินก่อน ::
  ล็อกอิน

รายการสื่อสารสนเทศ

ลำดับที่ ประเภท เลขเรียก/บาร์โค้ด สถานที่ สถานะ
- ไม่พบข้อมูล -

รายการใกล้เคียง
    ผู้แต่ง [อัญชรีย์]

BibComment


ยังไม่เคยถูกคอมเมนท์

คอมเมนท์ทรัพยากรรายการนี้
  คอมเมนท์: เล่ห์ปรายรัก อัญช..


 Copyright 2026. Bcnsprnw @Library